Plant genome editing with CRISPR systems : (Record no. 51439)
[ view plain ]
| 000 -LEADER | |
|---|---|
| fixed length control field | 00636nam a2200229Ia 4500 |
| 005 - DATE AND TIME OF LATEST TRANSACTION | |
| control field | 20260429111924.0 |
| 008 - FIXED-LENGTH DATA ELEMENTS--GENERAL INFORMATION | |
| fixed length control field | 260429s9999||||xx |||||||||||||| ||und|| |
| 020 ## - INTERNATIONAL STANDARD BOOK NUMBER | |
| International Standard Book Number | 9781493989904 |
| 041 ## - LANGUAGE CODE | |
| Language | English |
| 082 ## - DEWEY DECIMAL CLASSIFICATION NUMBER | |
| Classification number | 572.86 |
| Item number | QI |
| 100 ## - MAIN ENTRY--PERSONAL NAME | |
| Personal name | Qi, Yiping |
| 245 #0 - TITLE STATEMENT | |
| Title | Plant genome editing with CRISPR systems : |
| Remainder of title | methods and protocols / |
| Statement of responsibility, etc | Yiping Qi |
| 250 ## - EDITION STATEMENT | |
| Edition statement | 1st ed. |
| 260 ## - PUBLICATION, DISTRIBUTION, ETC. (IMPRINT) | |
| Place of publication, distribution, etc | New York : |
| Name of publisher, distributor, etc | Humana Press, |
| Date of publication, distribution, etc | 2019. |
| 300 ## - PHYSICAL DESCRIPTION | |
| Extent | xv, 367 p.; hb |
| 440 ## - SERIES STATEMENT/ADDED ENTRY--TITLE | |
| Title | Methods in Molecular Biology, 1917 |
| 650 ## - SUBJECT ADDED ENTRY--TOPICAL TERM | |
| Topical term or geographic name as entry element | Biotechnology |
| 650 ## - SUBJECT ADDED ENTRY--TOPICAL TERM | |
| Topical term or geographic name as entry element | CRISPR |
| 650 ## - SUBJECT ADDED ENTRY--TOPICAL TERM | |
| Topical term or geographic name as entry element | Genome editing |
| 650 ## - SUBJECT ADDED ENTRY--TOPICAL TERM | |
| Topical term or geographic name as entry element | Plant genetics |
| 942 ## - ADDED ENTRY ELEMENTS (KOHA) | |
| Koha item type | Text Books |
| Withdrawn status | Lost status | Damaged status | Not for loan | Collection code | Home library | Location | Shelving location | Date of Cataloging | Source of acquisition | Total Checkouts | Full call number | Barcode | Date last seen | Price effective from | Koha item type |
|---|---|---|---|---|---|---|---|---|---|---|---|---|---|---|---|
| Non-fiction | CUTN Central Library | CUTN Central Library | Sciences | 29/04/2026 | T R Publications, Chennai - Invoice No. TRPHO/2025/CRB/184 on 09-02-2026 | 572.86 QI | 56445 | 29/04/2026 | 29/04/2026 | Text Books |
